Trouble Shooting and Maintenance Of Electronic Equipments / (Record no. 2916)
[ view plain ]
| 000 -LEADER | |
|---|---|
| fixed length control field | 00700nac a22001931u 4500 |
| 020 ## - INTERNATIONAL STANDARD BOOK NUMBER | |
| International Standard Book Number | 8188458635 |
| 082 ## - DEWEY DECIMAL CLASSIFICATION NUMBER | |
| Classification number | 621.38154 |
| Item number | S61735 |
| 090 ## - LOCALLY ASSIGNED LC-TYPE CALL NUMBER (OCLC); LOCAL CALL NUMBER (OCLC) | |
| -- | 2916 |
| -- | 2916 |
| 100 ## - MAIN ENTRY--PERSONAL NAME | |
| Personal name | Singh ,K.Sudeep. |
| 245 ## - TITLE STATEMENT | |
| Title | Trouble Shooting and Maintenance Of Electronic Equipments / |
| Statement of responsibility, etc | K.Sudeep Singh. |
| 260 ## - PUBLICATION, DISTRIBUTION, ETC. (IMPRINT) | |
| Place of publication, distribution, etc | Delhi:2004. |
| Name of publisher, distributor, etc | S.K.Kataria and Sons , |
| Date of publication, distribution, etc | c2004. |
| 300 ## - PHYSICAL DESCRIPTION | |
| Extent | 194p.: |
| Other physical details | ill; |
| Dimensions | 25cm. |
| 504 ## - BIBLIOGRAPHY, ETC. NOTE | |
| Bibliography, etc | Includes Index. |
| 650 ## - SUBJECT ADDED ENTRY--TOPICAL TERM | |
| Topical term or geographic name as entry element | electric equipments |
| 650 ## - SUBJECT ADDED ENTRY--TOPICAL TERM | |
| Topical term or geographic name as entry element | electronic equipments |
| 700 ## - ADDED ENTRY--PERSONAL NAME | |
| Personal name | Singh ,K.Sudeep. |
| 942 ## - ADDED ENTRY ELEMENTS (KOHA) | |
| Item type | Book - Borrowing |
| Call number prefix | 621.38154S61735 |
| Withdrawn status | Item status | Damaged status | Not for loan | Home library | Current library | Shelving location | Date acquired | Source of acquisition | Total Checkouts | Full call number | Barcode | Date last seen | Cost, replacement price | Koha item type |
|---|---|---|---|---|---|---|---|---|---|---|---|---|---|---|
| Central Library | Central Library | First floor | 07/03/2011 | Purchase | 621.38154 SIN | 000001384 | 15/07/2025 | 44.00 | Book - Borrowing |